| Поле | Инд. | ПП | Название | Значение |
|---|---|---|---|---|
| Тип записи | a | |||
| Библиографический уровень | m | |||
| 001 | Контрольный номер | edd5a511-9d86-470c-8182-db4c78247725 | ||
| 005 | Дата корректировки | 20140226200600.2 | ||
| 008 | Кодируемые данные | 981216 d | ||
| 020 | a | ISBN | 5-88688-039-5 | |
| c | Цена, тираж | 52.00 | ||
| 020 | a | ISBN | 5-88688-028-3 | |
| 040 | a | Служба первич. каталог. | НБ ТвГУ | |
| 041 | a | Код языка текста | rus | |
| 080 | a | Индекс УДК | 51 | |
| 084 | a | Индекс другой классификации/Индекс ББК | В1 | |
| 090 | c | Каталожный индекс | В1 | |
| x | Авторский знак | Г47 | ||
| a | Полочн. индекс | В1 | ||
| 100 | 1_ | a | Автор | Гильберт Давид |
| 245 | 0_ | a | Заглавие | Избранные труды |
| n | Номер части/ раздела | Т. 2 | ||
| p | Название части/ раздела | Анализ. Физика. Проблемы. Personalia | ||
| c | Ответственность | Под общ. ред. А.Н. Паршина | ||
| 260 | 0_ | a | Место издания | Москва |
| b | Издательство | Факториал | ||
| c | Дата издания | 1998 | ||
| 300 | a | Объем | 607 с. | |
| b | Иллюстрации/ тип воспроизводства | портр. | ||
| 440 | a | Серия | Классики математики | |
| 504 | a | Библиография | Библиогр.: с.599-604. - Указ. имен: с.605-607. | |
| 583 | a | Действие | Получение впервые 541 17.11.98 | |
| k | Исполнитель действия | Дар РГГУ | ||
| 650 | a | Основная рубрика | Математика | |
| 650 | a | Основная рубрика | Физика | |
| 653 | a | Ключевые слова | Математика | |
| a | Ключевые слова | Физика | ||
| 700 | 1_ | a | Другие авторы | Паршин А Н |
| e | Роль лиц | ред. | ||
| 852 | t | Порядковый номер экземпляра | 1 | |
| p | Инвентарный номер | 702140 | ||
| 863 | t | 00031843 | ||
| 888 | a | Бесплатные | ||
| 952 | p | 541.98 52.00 1 702140 | ||
| c | Вид литературы | К рн | ||
| 954 | a | Дата поступления на обработку | 19981119 | |
| 999 | a | Подразделение 2 | Фил3 |